| 000 | 00469nam a22001697a 4500 | ||
|---|---|---|---|
| 999 |
_c523719 _d523719 |
||
| 003 | NUST | ||
| 038 | _awaseem | ||
| 082 |
_a011.008 _bQUR |
||
| 100 |
_aQureshi, Nisar _914491 |
||
| 245 |
_aSufi Ghulam Mustafa Tabasum / _cNisar Qureshi |
||
| 260 |
_aIslamabad : _bMuqader-e-Qumi Zaban, _c1991. |
||
| 300 | _a37 p. ; | ||
| 500 | _aPaperback. | ||
| 880 |
_6100-02\r _aنثارقریشی |
||
| 880 |
_6245-02\r _aصوفی غلام مصطفی تبسم / |
||
| 942 |
_2ddc _cBK |
||